000 00830nam a2200301 a 4500
003 AR-BaBNM
005 20251128203412.0
008 082120s2002 ||||||||||||||000 | spa||
040 _cAR-BaBNM
100 1 _aDel Vecchio, Giorgio
245 0 0 _aDerecho y vida
_bnuevos ensayos de filosofía jurídica
260 _aBarcelona
_bBosch
_c1942
300 _a181 p.
500 _aIndice al final del libro
504 _aBibliografía a pie de página
650 4 _aFILOSOFIA
650 4 _aFILOSOFIA DEL DERECHO
650 4 _aJUSTICIA
650 4 _aECONOMIA
650 4 _aNORMAS
650 4 _aCOMUNICACION
650 4 _aHISTORIA DEL DERECHO
650 4 _aINSTITUCION JURIDICA
700 1 _aGalan y Gutierrez, Eustaquio
_etraductor
700 1 _aLegaz y Lacambra, Luis
_eprologuista
942 _cBK
998 _cAndrea
999 _c3226
_d3226